| Registos Bibliográficos associados ao registo de autoridade |
|
Etiqueta de registo: 01537cbm 02200361 04500 001 431507 003 http://id.bnportugal.gov.pt/bib/catbnp/431507 005 19981231000000.0 095 ## $aPTBN00460624 100 ## $a19930602d17 k y0pory0103 ba 101 0# $apor 102 ## $aPT 105 ## $ay z 000yy 106 ## $ah 200 0# $aDocumentos varios para a Historia Ecclesiastica do Bispado de Miranda$fpor Jozé Botelho de Mattos e outros$bManuscrito] 210 #1 $d[17--] 215 ## $a[1], [122] f., enc.$d32 cm 300 ## $aOriginais e cópias coligidos para trabalhos da Academia Real da História Portuguesa 321 ## $aDescrição em: Inventario. Secção XIII - Manuscriptos/[José António Moniz]. - Lisboa
: BN, 1896 500 10 $aDocumentos vários para a História Eclesiástica do Bispado de Miranda 601 12 $aFestival Internacional de Teatro de Expressão Ibérica,$eBraga,$f1981$31995471 675 ## $a262.3(469.201)(091)(0.032)$vBN$zpor$3542236 700 #1 $aMatos,$bJosé Botelho de,$ffl. 17--$397679 712 02 $aAcademia Real da História Portuguesa$4390$3222 801 #0 $aPT$bBN$gRPC 856 40 $uhttps://purl.pt/51526 856 41 $uhttps://purl.pt/51526/service/media/cover/low 856 49 $uhttps://purl.pt/51526/service/media/pdf$qapplication/pdf 930 ## $lBN$dF. 4364$iMicrofilme 958 ## $aBND$bLivre$cDigitalizado$d1$ehttps://purl.pt/51526/service/media/cover/max 966 ## $lBN$mMICROF$nMicrofilme$sF. 4364 966 ## $lBN$mRESMAN$nPert.: Academia Real da História Portuguesa. - Cota antiga: A-4-22$sCOD. 154 995 ## $aPRR2022 $d20231115$idfontes$zBND
Etiqueta de registo: 00000nkm 2200025 450 001 2282084 003 http://id.bnportugal.gov.pt/bib/catbnp/2282084 100 ## $a20260320d1981 m d0pory01030103ba 101 0# $apor 102 ## $aPT 200 1# $aFitei, 81 - Festival Internacional de Teatro de Expressão Ibérica, Braga, dia 18,
20 -11 - 81$bVisual gráfico]$fCasa Municipal de Cultura 210 #9 $aBraga$cCasa Municipal de Cultura,$d1981$eBraga :$gTip. Silva Pereira - Offset) 215 ## $a1 cartaz$cp&b.$d44,8x33,9 cm 316 ## $aRasgões nas margens 317 ## $aColeção Madeira Luís 710 12 $aFestival Internacional de Teatro de Expressão Ibérica,$eBraga,$f1981$31995471 712 01 $aBraga.$bCasa Municipal de Cultura$4557$362069 801 #0 $aPT$bBN$gRPC 966 ## $lBN$mICONOG$sCT. 17070 V.$x3 971 ## $cCaticonografia2$d20260320 972 ## $d20260413 $e1$vfpinelo$z0 995 ## $aPRR2026
|
|
|